Gaming Quiz

Random Gaming or Pokémon Quiz

'L' name pokemon Quiz Stats

 Plays Quiz not verified by Sporcle

Challenge
Share
Tweet
Embed
Score 0/34 Timer 12:00
0 Plays Today
Hint Answer % Correct
#131Lapras
88.6%
#271Lombre
88.6%
#270Lotad
88.6%
#272Ludicolo
88.6%
#405Luxray
87.3%
#404Luxio
84.8%
#108Lickitung
83.5%
#305Lairon
81%
#608Lampent
81%
#463Lickilicky
78.5%
#166Ledian
77.2%
#165Ledyba
77.2%
#249Lugia
77.2%
#171Lanturn
75.9%
#246Larvitar
74.7%
#380Latias
74.7%
#381Latios
73.4%
Hint Answer % Correct
#448Lucario
73.4%
#370Luvdisc
73.4%
#428Lopunny
72.2%
#264Linoone
72.2%
#607Litwick
72.2%
#337Lunatone
70.9%
#667Litleo
69.6%
#470Leafeon
68.4%
#457Lumineon
67.1%
#636Larvesta
65.8%
#510Liepard
65.8%
#641Landorus
64.6%
#506Lillipup
64.6%
#345Lileep
62%
#294Loudred
62%
#542Leavanny
60.8%
#549Lilligant
60.8%

You're not logged in!

Compare scores with friends on all Sporcle quizzes.
Join for Free
OR
Log In

You Might Also Like...

Show Comments

Extras

Created Mar 22, 2016ReportNominate
Tags:Pokémon Quiz

Top Quizzes Today


Score Distribution

Your Account Isn't Verified!

In order to create a playlist on Sporcle, you need to verify the email address you used during registration. Go to your Sporcle Settings to finish the process.

Report this User

Report this user for behavior that violates our Community Guidelines.

Details: